[Event "DVM U20w 2009"]
[Site "Chemnitz GER"]
[Date "2009.12.30"]
[Round "7"]
[White "Groschwitz, Isabella"]
[Black "Lösch, Caroline"]
[Result "1-0"]
[Termination "normal"]
[Board "7.1"]
[WhiteElo "1503"]
[BlackElo "1278"]
[WhiteTeam "SF Fichtelgebirge"]
[BlackTeam "SC Vaterstetten"]
[PlyCount "73"]
[BlackFideId "12909971"]
[EventCountry "GER"]
[EventRounds "7"]
[EventType "team-swiss"]
[EventDate "2009.12.26"]

1. d4 d5 2. Nf3 Nc6 3. Bf4 Bf5 4. e3 Nb4 5. Bd3 Nxd3+ 6. cxd3 e6 7. Nc3 Bd6 8.
Bxd6 Qxd6 9. e4 Bg4 10. Qa4+ c6 11. Ne5 Nf6 12. f3 Bh5 13. g4 Bg6 14. Nxg6 fxg6
15. e5 Qe7 16. exf6 Qxf6 17. O-O O-O 18. Rae1 b5 19. Qb4 Qf4 20. Rxe6 Rf6 21.
Rxf6 Qe3+ 22. Kg2 gxf6 23. Rd1 a5 24. Qb3 b4 25. Nxd5 cxd5 26. Qxd5+ Kg7 27.
Qxa8 Qe2+ 28. Kg3 Qxd1 29. Qxa5 g5 30. Qa7+ Kg6 31. d5 Qe1+ 32. Qf2 Qe5+ 33. f4
Qxd5 34. f5+ Kh6 35. Qe3 Kg7 36. Qe7+ Kg8 37. Qe6+ 1-0

[Event "DVM U20w 2009"]
[Site "Chemnitz GER"]
[Date "2009.12.30"]
[Round "7"]
[White "Steinmann, Anna"]
[Black "Zürner, Bianca"]
[Result "1-0"]
[Termination "normal"]
[Board "7.2"]
[WhiteElo "1123"]
[BlackElo "1329"]
[WhiteTeam "SC Vaterstetten"]
[BlackTeam "SF Fichtelgebirge"]
[PlyCount "47"]
[BlackFideId "12909963"]
[EventCountry "GER"]
[EventRounds "7"]
[EventType "team-swiss"]
[EventDate "2009.12.26"]

1. e4 e5 2. Nf3 Nc6 3. Bc4 h6 4. Nc3 Nf6 5. d3 Bc5 6. O-O O-O 7. Be3 Bxe3 8.
fxe3 d6 9. d4 Qe7 10. Nh4 Ng4 11. Ng6 Qg5 12. Nxf8 Nxe3 13. Qf3 Nd8 14. Bxf7+
Nxf7 15. Qxf7+ Kh8 16. Rf2 Bh3 17. Ng6+ Kh7 18. Qf3 Bd7 19. Nf8+ Kh8 20. Nxd7
Kh7 21. Nf8+ Kh8 22. Ne6 Qe7 23. Qxe3 Qxe6 24. Nd5 1-0

[Event "DVM U20w 2009"]
[Site "Chemnitz GER"]
[Date "2009.12.30"]
[Round "7"]
[White "Heym, Alexandra"]
[Black "Löbel, Annika"]
[Result "1-0"]
[Termination "normal"]
[Board "7.3"]
[WhiteElo "1206"]
[BlackElo "763"]
[WhiteTeam "SF Fichtelgebirge"]
[BlackTeam "SC Vaterstetten"]
[PlyCount "69"]
[EventCountry "GER"]
[EventRounds "7"]
[EventType "team-swiss"]
[EventDate "2009.12.26"]

1. e4 e5 2. d4 exd4 3. Qxd4 Nc6 4. Qe3 b6 5. Nc3 Bc5 6. Qf4 Nf6 7. Bc4 d6 8.
Nf3 O-O 9. O-O Ne7 10. Rd1 Ng6 11. Qg3 Nh5 12. Qg5 Nf6 13. h3 h6 14. Qd2 Be6
15. Bxe6 fxe6 16. a3 Qe8 17. b4 e5 18. bxc5 Nf4 19. cxd6 Qg6 20. Ne1 Nxh3+ 21.
Kf1 Nf4 22. Qe3 Qh5 23. Kg1 Ng4 24. Qg3 Ne2+ 25. Nxe2 Rf7 26. Qh3 Qg6 27. f3
Raf8 28. Qxg4 Qf6 29. Qf5 Qh4 30. g3 Qd8 31. Qg4 cxd6 32. Bxh6 b5 33. a4 Qb6+
34. Kg2 Qe3 35. Bxe3 1-0